[Event "ESP-ch Autonomicas"]
[Site "Gijon"]
[Date "2011.05.02"]
[Round "6.4"]
[White "Galvan Prieto, Victor Albano"]
[Black "Laguardia Ortega, Moises"]
[Result "1-0"]
[WhiteElo "1859"]
[BlackElo "2015"]
[PlyCount "123"]
[EventDate "2011.04.29"]
[EventType "team-swiss"]
[EventRounds "6"]
[EventCountry "ESP"]
[SourceTitle "CBM 142 Extra"]
[Source "ChessBase"]
[SourceDate "2011.06.27"]
[SourceVersion "1"]
[SourceVersionDate "2011.06.27"]
[SourceQuality "1"]
[WhiteTeam "Castilla y Leon"]
[BlackTeam "La Rioja"]
[WhiteTeamCountry "ESP"]
[BlackTeamCountry "ESP"]

1. e4 e5 2. Nf3 Nf6 3. Nc3 Bb4 4. d3 d5 5. exd5 Nxd5 6. Bd2 0-0 7. Be2 Nc6 8. 0-0 Nxc3 9. bxc3 Ba5 10. Ne1 Qd6 11. a4 Re8 12. c4 Bxd2 13. Qxd2 Nd4 14. Bd1 Bd7 15. c3 Ne6 16. Bg4 Bc6 17. Bxe6 Qxe6 18. Nc2 Qg6 19. f3 Rad8 20. d4 h5 21. d5 Bd7 22. a5 a6 23. Ne3 f5 24. f4 e4 25. Rab1 Bc8 26. c5 Qf7 27. Rfd1 Qe7 28. Qd4 Qf6 29. Qc4 Kh7 30. Qd4 Kg8 31. Qxf6 gxf6 32. c4 Kf7 33. Rb3 Ke7 34. Nc2 Kf7 35. Kf2 h4 36. Ke3 Rg8 37. Rd2 Ke8 38. Nd4 c6 39. dxc6 bxc6 40. Rb6 Rg7 41. Rxc6 Rb7 42. Rxf6 Rb4 43. Rh6 Kf7 44. Rxh4 Rxc4 45. c6 Rc3+ 46. Ke2 Rc4 47. Rh7+ Kg6 48. Rc7 Kh5 49. h3 Ra4 50. Nb3 Rxd2+ 51. Nxd2 Be6 52. Re7 Bd5 53. c7 Bb7 54. Re5 Kg6 55. Re8 Rxa5 56. c8Q Bxc8 57. Rxc8 Ra2 58. g4 Ra3 59. Rc6+ Kg7 60. gxf5 a5 61. Nxe4 Rxh3 62. f6+ 1-0

[Event "ESP-ch U14"]
[Site "Linares"]
[Date "2010.07.16"]
[Round "6"]
[White "Ruiz Font, Elisabet"]
[Black "Galvan Prieto, Victor Albano"]
[Result "1/2-1/2"]
[WhiteElo "1899"]
[BlackElo "1807"]
[PlyCount "77"]
[EventDate "2010.07.13"]
[EventType "swiss"]
[EventRounds "9"]
[EventCountry "ESP"]
[SourceTitle "CBM 137 Extra"]
[Source "ChessBase"]
[SourceDate "2010.09.01"]
[SourceVersion "1"]
[SourceVersionDate "2010.09.01"]
[SourceQuality "1"]

1. e4 e6 2. d4 d5 3. Bd3 Nf6 4. e5 Nfd7 5. Nf3 c5 6. c3 Nc6 7. 0-0 Qb6 8. Bc2 Be7 9. dxc5 Bxc5 10. Qe2 a5 11. a4 Qc7 12. Bf4 b6 13. Bd3 Bb7 14. Nbd2 h6 15. Nb3 Rc8 16. Nfd4 Nxd4 17. Nxd4 Bc6 18. Qg4 g5 19. Bg3 Bxd4 20. cxd4 Nf8 21. f4 Qe7 22. Rac1 Nh7 23. Rxc6 Rxc6 24. Bb5 Kd7 25. Rc1 Rhc8 26. Qe2 Qb4 27. Rxc6 Rxc6 28. Bxc6+ Kxc6 29. Qc2+ Qc4 30. Qxh7 gxf4 31. Bh4 Qxd4+ 32. Kf1 Qd1+ 33. Kf2 Qd2+ 34. Kf3 Qe3+ 35. Kg4 Qxe5 36. Qxf7 Qe2+ 37. Kh3 Qd3+ 38. Kg4 Qe2+ 39. Kh3 1/2-1/2